[Event "Guillermo Garcia Memorial-D"]
[Site "Santa Clara"]
[Date "2024.05.21"]
[Round "9"]
[White "Mac Farlane Patrick, Randy"]
[Black "Torres Valiente, Brayan"]
[Result "0-1"]
[WhiteElo "2059"]
[BlackElo "2266"]
[PlyCount "126"]
[EventDate "2024.05.14"]
[EventType "swiss"]
[EventRounds "9"]
[EventCountry "CUB"]
[SourceTitle "CBM 220 Extra"]
[Source "ChessBase"]
[SourceDate "2024.07.31"]
[SourceVersion "1"]
[SourceVersionDate "2024.07.31"]
[SourceQuality "1"]

1. e4 d6 2. d4 Nf6 3. Nc3 Nbd7 4. Nf3 e5 5. a4 c6 6. Bc4 Be7 7. 0-0 Qc7 8. a5 h6 9. d5 g5 10. Be3 Nb8 11. b4 cxd5 12. Bb5+ Nbd7 13. Nxd5 Nxd5 14. Qxd5 0-0 15. c4 Nf6 16. Qd3 Nh5 17. c5 dxc5 18. Rfc1 a6 19. Ba4 Bg4 20. Bxc5 Nf4 21. Qe3 Rac8 22. Bd1 Bxc5 23. Rxc5 Qd6 24. g3 Bxf3 25. Qxf3 Qd4 26. Rb1 Nh3+ 27. Kg2 Rxc5 28. bxc5 Nxf2 29. Bc2 Ng4 30. Qxg4 Qd2+ 31. Kh3 Qxc2 32. Rb6 Qf2 33. Qf5 Qxf5+ 34. exf5 Rc8 35. Rxb7 Rxc5 36. f6 h5 37. Kg2 e4 38. Kf2 Rxa5 39. Ke3 Re5 40. h4 gxh4 41. gxh4 Re6 42. Ra7 Rxf6 43. Kxe4 Kg7 44. Rc7 Rb6 45. Kf5 Rb5+ 46. Kf4 a5 47. Ra7 Kg6 48. Ra6+ f6 49. Ke4 Rb4+ 50. Kf3 a4 51. Kg3 Rb3+ 52. Kf4 Rh3 53. Ke4 Rxh4+ 54. Kf3 Rb4 55. Kg2 Kg5 56. Ra5+ Kg4 57. Ra8 f5 58. Rg8+ Kf4 59. Ra8 Ke3 60. Re8+ Re4 61. Rf8 f4 62. Rh8 f3+ 63. Kf1 h4 0-1

[Event "Guillermo Garcia Memorial-D"]
[Site "Santa Clara"]
[Date "2024.05.19"]
[Round "7"]
[White "Ibanez Milian, Dagoberto"]
[Black "Mac Farlane Patrick, Randy"]
[Result "0-1"]
[WhiteElo "2157"]
[BlackElo "2059"]
[PlyCount "72"]
[EventDate "2024.05.14"]
[EventType "swiss"]
[EventRounds "9"]
[EventCountry "CUB"]
[SourceTitle "CBM 220 Extra"]
[Source "ChessBase"]
[SourceDate "2024.07.31"]
[SourceVersion "1"]
[SourceVersionDate "2024.07.31"]
[SourceQuality "1"]

1. d4 d5 2. Nf3 Nf6 3. e3 e6 4. Bd3 c5 5. b3 Nbd7 6. Bb2 b6 7. Nbd2 Bb7 8. 0-0 Ne4 9. dxc5 Nexc5 10. Be2 a6 11. a4 Nf6 12. Ne5 Nce4 13. Nxe4 dxe4 14. Nc4 Bc5 15. Be5 Nd5 16. Bd4 0-0 17. a5 Bxd4 18. Qxd4 b5 19. Nb2 Nf4 20. Qd1 Nxe2+ 21. Qxe2 f5 22. c4 e5 23. cxb5 axb5 24. Rfd1 Qe8 25. Rd6 f4 26. Rb6 Bc6 27. Rc1 Rf6 28. b4 f3 29. Qc2 Qh5 30. Qb3+ Kh8 31. Qd1 Rh6 32. h3 Rg6 33. Rcxc6 Rxg2+ 34. Kf1 Qxh3 35. Ke1 Rg1+ 36. Kd2 Qd7+ 0-1

[Event "Varadero op-A"]
[Site "Varadero"]
[Date "2023.10.06"]
[Round "7"]
[White "Venero Noda, Massiel"]
[Black "Mac Farlane Patrick, Randy"]
[Result "0-1"]
[WhiteElo "1849"]
[BlackElo "1825"]
[PlyCount "116"]
[EventDate "2023.10.03"]
[EventType "swiss"]
[EventRounds "9"]
[EventCountry "CUB"]
[SourceTitle "EXT 2025"]
[Source "ChessBase"]
[SourceDate "2024.10.14"]
[SourceVersion "1"]
[SourceVersionDate "2024.10.14"]
[SourceQuality "1"]

1. d4 d5 2. Nf3 Nf6 3. Bg5 e6 4. e3 Be7 5. Bd3 b6 6. Nbd2 Bb7 7. c3 c5 8. Ne5 Nfd7 9. Bxe7 Qxe7 10. f4 Nxe5 11. fxe5 Nd7 12. 0-0 0-0-0 13. Qg4 f6 14. exf6 gxf6 15. e4 Rhg8 16. Qf3 Qd6 17. exd5 cxd4 18. cxd4 Qxd5 19. Qxd5 Bxd5 20. Be4 Bxe4 21. Nxe4 f5 22. Rac1+ Kb8 23. Nc3 Nf6 24. Rfe1 Rge8 25. Rcd1 Nd5 26. Nxd5 Rxd5 27. Re5 Kc7 28. Kf2 Kd6 29. Rxd5+ Kxd5 30. Ke3 Rc8 31. Rd2 Rc1 32. b3 Re1+ 33. Kd3 Re4 34. Kc3 a5 35. a4 Re3+ 36. Kb2 f4 37. Kc2 h5 38. Rf2 Ke4 39. Rd2 h4 40. h3 f3 41. gxf3+ Rxf3 42. Re2+ Re3 43. Rxe3+ Kxe3 44. Kc3 Kf3 45. Kd3 Kg3 46. Ke3 Kxh3 47. Kf3 Kh2 48. Kf2 h3 49. Kf1 Kg3 50. Kg1 Kf3 51. Kh2 Ke4 52. Kxh3 Kxd4 53. Kg4 Kc3 54. Kf4 Kxb3 55. Ke5 Kxa4 56. Kxe6 Kb3 57. Kd5 a4 58. Kd4 a3 0-1

[Event "Varadero op-A"]
[Site "Varadero"]
[Date "2023.10.05"]
[Round "5"]
[White "Almaguel Mendez, Adrian Jesus"]
[Black "Mac Farlane Patrick, Randy"]
[Result "1/2-1/2"]
[WhiteElo "1914"]
[BlackElo "1825"]
[PlyCount "64"]
[EventDate "2023.10.03"]
[EventType "swiss"]
[EventRounds "9"]
[EventCountry "CUB"]
[SourceTitle "EXT 2025"]
[Source "ChessBase"]
[SourceDate "2024.10.14"]
[SourceVersion "1"]
[SourceVersionDate "2024.10.14"]
[SourceQuality "1"]

1. Nf3 c5 2. e4 e6 3. d4 cxd4 4. Nxd4 Nc6 5. Nc3 Qc7 6. Be2 a6 7. 0-0 Nf6 8. Be3 Bb4 9. Re1 0-0 10. Bd3 Ne5 11. f4 Nxd3 12. cxd3 d5 13. e5 Ne8 14. Rc1 Qd8 15. a3 Ba5 16. b4 Bc7 17. Na4 f6 18. Nc5 Qe7 19. Bf2 fxe5 20. fxe5 Rxf2 21. Kxf2 Qh4+ 22. g3 Qxd4+ 23. Kg2 b6 24. Nb3 Qb2+ 25. Re2 Qxa3 26. Rf2 Bxe5 27. Qh5 Nf6 28. Qxe5 Bd7 29. Rxf6 gxf6 30. Qxf6 Qxb3 31. Rf1 Qxd3 32. Qf7+ Kh8 1/2-1/2

[Event "Varadero op-A"]
[Site "Varadero"]
[Date "2023.10.04"]
[Round "4"]
[White "Mac Farlane Patrick, Randy"]
[Black "Rodriguez Pena, Mauricio"]
[Result "0-1"]
[WhiteElo "1825"]
[BlackElo "2124"]
[PlyCount "162"]
[EventDate "2023.10.03"]
[EventType "swiss"]
[EventRounds "9"]
[EventCountry "CUB"]
[SourceTitle "EXT 2025"]
[Source "ChessBase"]
[SourceDate "2024.10.14"]
[SourceVersion "1"]
[SourceVersionDate "2024.10.14"]
[SourceQuality "1"]

1. e4 d6 2. d4 Nf6 3. Nc3 e6 4. Nf3 Be7 5. Bd3 0-0 6. h3 Nc6 7. Be3 Nb4 8. Be2 d5 9. e5 Nd7 10. a3 Na6 11. b4 b6 12. b5 Nab8 13. 0-0 c5 14. bxc6 Nxc6 15. Nh2 f5 16. f4 Na5 17. g4 g6 18. Bf3 Bb7 19. Qe2 Rc8 20. Nd1 Rc7 21. Nb2 Qc8 22. Rfc1 Nc4 23. Nxc4 Rxc4 24. Qd2 Rc3 25. gxf5 gxf5 26. Kh1 Kh8 27. Ra2 Rg8 28. Qf2 Nf8 29. Bd2 Rxa3 30. Rxa3 Bxa3 31. Ra1 Be7 32. Rxa7 Ng6 33. c3 Qb8 34. Ra1 Qc7 35. Be2 Bh4 36. Qf3 Bc6 37. Qd3 Qg7 38. Rg1 Qh6 39. Qf3 Ra8 40. Qh5 Qxh5 41. Bxh5 Bf2 42. Rf1 Bg3 43. Bxg6 hxg6 44. Rg1 Bf2 45. Rf1 Bh4 46. Nf3 Bd8 47. Ng5 Bxg5 48. fxg5 Ra2 49. Rf2 Bb5 50. Kg2 Bd3 51. Kg3 b5 52. h4 Kg7 53. Kf4 Be4 54. Be1 Ra1 55. Bd2 Rg1 56. Rh2 Kf7 57. Ke3 Rg3+ 58. Ke2 Rg1 59. Be1 f4 60. Kf2 Rg3 61. Kf1 Rf3+ 62. Ke2 Re3+ 63. Kd1 Rd3+ 64. Kc1 b4 65. cxb4 Rxd4 66. Ra2 Rc4+ 67. Kd2 Rxb4 68. Bf2 d4 69. Bg1 f3 70. Bf2 Ke8 71. Bg1 Kd7 72. Bf2 Kc6 73. Bg3 Kb6 74. Ke1 Kb5 75. Kf2 Bd5 76. Rd2 Kc4 77. Bf4 Kc3 78. Kg3 Rb1 79. Kf2 Rh1 80. Kg3 Rg1+ 81. Kf2 Rg4 0-1